| 000 | 00333nam a2200121Ia 4500 | ||
|---|---|---|---|
| 008 | 210430s9999 xx 000 0 und d | ||
| 082 | _a823.7 A9321 S | ||
| 100 |
_aClaudia L.Johnson _954040 |
||
| 245 |
_aSense and Sensibility _cClaudia L.Johnson |
||
| 260 |
_aLondon _bW.W.Norrton Compny _c2002 |
||
| 300 | _a416p | ||
| 942 |
_cBK _2ddc |
||
| 999 |
_c564492 _d564492 |
||